Taylor Swift - Devine la chanson sans indices #9 - Statistiques

Statistiques générales
  • Ce quiz a été pris 766 fois
  • Le résultat moyen est 271 sur 440
Statistiques - réponses
Réponse % Correct
I
98%
a
97%
you
97%
You
97%
the
94%
The
94%
we
87%
We
87%
an
85%
be
85%
me
85%
my
81%
your
81%
to
80%
and
78%
And
78%
of
78%
Of
78%
On
77%
on
77%
When
77%
In
76%
in
76%
It
74%
was
74%
were
74%
is
72%
this
72%
"This
72%
for
71%
they
70%
are
69%
time
69%
life
68%
with
68%
live
67%
all
65%
had
65%
Long
65%
"Long
65%
Long,
65%
long
65%
long,
65%
said
63%
that
63%
That
63%
But
61%
have
61%
back
60%
I'm
59%
like
59%
moment
59%
moment,
59%
moment?
59%
remember
58%
will
58%
Will
58%
How
57%
how
57%
mind
57%
us
54%
just
53%
One
53%
our
53%
never
52%
tell
52%
Tell
52%
by
51%
made"
51%
them
51%
day
50%
day,
50%
not
50%
through
50%
went
50%
Would
50%
name
49%
screaming,
49%
Screaming,
49%
wild
49%
off
48%
shine
47%
crowds
46%
if,
46%
If
46%
kings
46%
queens
45%
walls
45%
crashed
44%
end
44%
knew
44%
magic
44%
dragons
43%
look
43%
there
43%
head
42%
Please
42%
start
42%
'Cause
41%
fighting
41%
got
41%
night
41%
remembered
41%
same
41%
should
41%
age
40%
hands
40%
hope
40%
pictures
40%
up
40%
decade
39%
pretenders
39%
pretenders,
39%
take
39%
lights
38%
face"
37%
face
37%
feeling
37%
hero
37%
kingdom
37%
now
37%
book
36%
history
36%
names
36%
stand
36%
bring
35%
page
35%
shaking
35%
around
34%
children
34%
forever
34%
held
34%
point
34%
shined
34%
you'll
34%
world
33%
absurd"
32%
read
32%
right
32%
someday
32%
stood
32%
afraid
30%
crown
30%
lives
30%
Promise
30%
Hold
28%
memories
27%
baseball
26%
rule
26%
cap
25%
Confetti
25%
fall
25%
gave
25%
God
25%
ground
25%
into
25%
mountains
24%
moved
24%
these
24%
goodbye
23%
jeans
23%
trophies
23%
Wishing
23%
force
22%
stands
22%
falls
21%
forbid,
21%
outraged
21%
passed
21%
ripped
21%
town
21%
traded
21%
spinning
20%
step
20%
break
19%
danced
19%
May
18%
band
17%
sidelines
17%
cynics
16%
fate
16%
Singing
16%
thieves
16%
years
16%
Aucun quiz correspondant
Distribution des résultats
% des personnes avec chaque résultat
Percentile par nombre de réponses
Votre historique - résultats
Vous n’avez pas pris ce quiz